| 000 | 00000nas##2200000za#4500 |
| 001 | 9.503544 |
| 003 | CaOODSP |
| 005 | 20200325093445 |
| 007 | cr ||||||||||| |
| 008 | 150406c1999||||xxc|| p o||||f| |0fre|d |
| 022 | |a1714-6836 |
| 040 | |aCaOODSP|bfre |
| 043 | |an-cn--- |
| 086 | 1 |aR1-11F-PDF |
| 110 | 1 |aCanada.|bAffaires indiennes et du Nord. |
| 245 | 10|aRegion de l'Alberta, rétrospective de l'exercice / |h[ressource électronique]|cpublié avec l'autorisation du ministre des Affaires indiennes et du Nord canadien. |
| 246 | 1 |iTitre de renvoi : |aRétrospective de l'exercice ... Bureau régional de l'Alberta |
| 260 | |aOttawa - Ontario : |bAffaires indiennes et du Nord |
| 310 | |aAnnuel |
| 362 | 1 |a1999/2000--[2004/2005] |
| 691 | 07|aAutochtones|2gcpds |
| 691 | 07|aDéveloppement social|2gcpds |
| 691 | 07|aGouvernement fédéral|2gcpds |
| 775 | 08|tAlberta Region, year in review |w(CaOODSP)9.507154 |